Every Song by Godspeed You! Black Emperor - Statistics

General Stats
  • This quiz has been taken 91 times
    76 since last reset
  • The average score is 44 of 100
Answer Stats
Album Song % Correct
Lift Your Skinny Fists Like Antennas to Heaven(2000) Cancer Towers on Holy Road Hi-Way
100%
Lift Your Skinny Fists Like Antennas to Heaven(2000) Gathering Storm / Il Pleut à Mourir [+Clatters Like Worry]
100%
Lift Your Skinny Fists Like Antennas to Heaven(2000) Lift Yr. Skinny Fists, Like Antennas to Heaven...
100%
Lift Your Skinny Fists Like Antennas to Heaven(2000) Welcome to Barco AM/PM...' [L.A.X.; 5/14/00]
100%
Lift Your Skinny Fists Like Antennas to Heaven(2000) Broken Windows, Locks of Love Pt. III. / 3rd Part
94%
Lift Your Skinny Fists Like Antennas to Heaven(2000) Monheim
94%
Lift Your Skinny Fists Like Antennas to Heaven(2000) Murray Ostril: '...They Don't Sleep Anymore on the Beach...'
94%
Lift Your Skinny Fists Like Antennas to Heaven(2000) Atomic Clock.
91%
Lift Your Skinny Fists Like Antennas to Heaven(2000) Chart #3
91%
Lift Your Skinny Fists Like Antennas to Heaven(2000) Terrible Canyons of Static
91%
Lift Your Skinny Fists Like Antennas to Heaven(2000) [...+The Buildings They Are Sleeping Now]
91%
Lift Your Skinny Fists Like Antennas to Heaven(2000) World Police and Friendly Fire
91%
Lift Your Skinny Fists Like Antennas to Heaven(2000) [Antennas to Heaven...]
84%
Lift Your Skinny Fists Like Antennas to Heaven(2000) Attention...Mon Ami...Fa-Lala-Lala-La-La...' [55-St. Laurent]
84%
F♯ A♯ ∞(1997) Dead Metheny...
84%
Lift Your Skinny Fists Like Antennas to Heaven(2000) Deathkamp Drone
84%
F♯ A♯ ∞(1997) Divorce & Fever...
84%
Lift Your Skinny Fists Like Antennas to Heaven(2000) Edgyswingsetacid
84%
Lift Your Skinny Fists Like Antennas to Heaven(2000) [Glockenspiel Duet Recorded on a Campsite in Rhinebeck, N.Y.]
84%
F♯ A♯ ∞(1997) J.L.H. Outro
84%
F♯ A♯ ∞(1997) Kicking Horse on Brokenhill
84%
Lift Your Skinny Fists Like Antennas to Heaven(2000) Moya Sings 'Baby-O'...
84%
F♯ A♯ ∞(1997) ...Nothing's Alrite in Our Life... / The Dead Flag Blues (Reprise)
84%
Lift Your Skinny Fists Like Antennas to Heaven(2000) She Dreamt She Was a Bulldozer, She Dreamt She Was Alone in an Empty Field
84%
F♯ A♯ ∞(1997) Silence
84%
F♯ A♯ ∞(1997) String Loop Manufactured During Downpour
84%
F♯ A♯ ∞(1997) The Dead Flag Blues (Intro)
81%
F♯ A♯ ∞(1997) The Dead Flag Blues (Outro)
81%
Slow Riot for New Zero Kanada(1999) Moya
78%
F♯ A♯ ∞(1997) The Sad Mafioso...
72%
F♯ A♯ ∞(1997) Black Helicopter
69%
F♯ A♯ ∞(1997) Drugs in Tokyo
69%
'Allelujah! Don't Bend! Ascend!(2012) Mladic
69%
Yanqui U.X.O.(2002) motherfucker=redeemer
63%
Yanqui U.X.O.(2002) motherfucker=redeemer (cont.)
63%
Yanqui U.X.O.(2002) Rockets Fall on Rocket Falls
63%
"NO TITLE AS OF 13 FEBRUARY 2024 28,340 DEAD"(2024) BABYS IN A THUNDERCLOUD
56%
Slow Riot for New Zero Kanada(1999) BBF3
53%
Luciferian Towers(2017) Bosses Hang Pt. I
50%
Luciferian Towers(2017) Bosses Hang Pt. II
50%
Luciferian Towers(2017) Bosses Hang Pt. III
50%
"NO TITLE AS OF 13 FEBRUARY 2024 28,340 DEAD"(2024) GREY RUBBLE - GREEN SHOOTS
50%
G_d's Pee AT STATE'S END!(2021) Job's Lament
50%
'Allelujah! Don't Bend! Ascend!(2012) We Drift Like Worried Fire
50%
Asunder, Sweet and Other Distress(2015) Piss Crowns Are Trebled
47%
Yanqui U.X.O.(2002) 09-15-00
44%
Yanqui U.X.O.(2002) 09-15-00 (cont.)
44%
Luciferian Towers(2017) Anthem for No State Pt. I
44%
Luciferian Towers(2017) Anthem for No State Pt. II
44%
Luciferian Towers(2017) Anthem for No State Pt. III
44%
Luciferian Towers(2017) Fam / Famine
44%
Asunder, Sweet and Other Distress(2015) Lambs' Breath
38%
'Allelujah! Don't Bend! Ascend!(2012) Their Helicopters' Sing
38%
Luciferian Towers(2017) Undoing a Luciferian Towers
38%
G_d's Pee AT STATE'S END!(2021) A Military Alphabet (five eyes all blind) (4521.0kHz 6730.0kHz 4109.09kHz)
34%
Asunder, Sweet and Other Distress(2015) Asunder, Sweet
34%
G_d's Pee AT STATE'S END!(2021) Fire at Static Valley
34%
G_d's Pee AT STATE'S END!(2021) First of the Last Glaciers
34%
G_d's Pee AT STATE'S END!(2021) Our Side Has to Win (for D.H.)
34%
"NO TITLE AS OF 13 FEBRUARY 2024 28,340 DEAD"(2024) RAINDROPS CAST IN LEAD
34%
"NO TITLE AS OF 13 FEBRUARY 2024 28,340 DEAD"(2024) PALE SPECTATOR TAKES PHOTOGRAPHS
31%
"NO TITLE AS OF 13 FEBRUARY 2024 28,340 DEAD"(2024) SUN IS A HOLE SUN IS VAPORS
31%
F♯ A♯ ∞(1997) The Cowboy...
31%
G_d's Pee AT STATE'S END!(2021) "GOVERNMENT CAME" (9980.0kHz 3617.1kHz 4521.0 kHz)
28%
F♯ A♯ ∞(1997) Untitled
28%
"NO TITLE AS OF 13 FEBRUARY 2024 28,340 DEAD"(Bonus)(2024) UNTITLED
28%
"NO TITLE AS OF 13 FEBRUARY 2024 28,340 DEAD"(2024) BROKEN SPIRES AT DEAD KAPITAL
25%
G_d's Pee AT STATE'S END!(2021) Cliffs Gaze / cliffs' gaze at empty waters' rise / ASHES TO SEA or NEARER TO THEE
25%
F♯ A♯ ∞(1997) Slow Moving Trains
25%
Asunder, Sweet and Other Distress(2015) Peasantry or 'Light! Inside of Light!'
19%
'Allelujah! Don't Bend! Ascend!(2012) Strung Like Lights at Thee Printemps Erable
16%
G_d's Pee AT STATE'S END!(2021) where we break how we shine (ROCKETS FOR MARY)
16%
Non-Album(1998) Steve Reich
6%
All Lights Fucked on the Hairy Amp Drooling(1994) $13.13
3%
All Lights Fucked on the Hairy Amp Drooling(1994) Dadmomdaddy
3%
All Lights Fucked on the Hairy Amp Drooling(1994) Diminishing Shine
3%
All Lights Fucked on the Hairy Amp Drooling(1994) Shot Thru Tubes
3%
All Lights Fucked on the Hairy Amp Drooling(1994) Threethreethree
3%
All Lights Fucked on the Hairy Amp Drooling(1994) 333 Frames Per Second
0%
All Lights Fucked on the Hairy Amp Drooling(1994) All Angels Gone
0%
All Lights Fucked on the Hairy Amp Drooling(1994) And the Hairy Guts Shine
0%
All Lights Fucked on the Hairy Amp Drooling(1994) Beep
0%
All Lights Fucked on the Hairy Amp Drooling(1994) Buried Ton
0%
All Lights Fucked on the Hairy Amp Drooling(1994) Deterior 17
0%
All Lights Fucked on the Hairy Amp Drooling(1994) Deterior 23
0%
All Lights Fucked on the Hairy Amp Drooling(1994) Deterior Three
0%
All Lights Fucked on the Hairy Amp Drooling(1994) Devil's in the Church
0%
All Lights Fucked on the Hairy Amp Drooling(1994) Ditty for Moya
0%
All Lights Fucked on the Hairy Amp Drooling(1994) Dress Like Shit
0%
All Lights Fucked on the Hairy Amp Drooling(1994) Drifting Intro Open
0%
All Lights Fucked on the Hairy Amp Drooling(1994) Glencairn 14
0%
All Lights Fucked on the Hairy Amp Drooling(1994) Hoarding
0%
All Lights Fucked on the Hairy Amp Drooling(1994) Hush
0%
All Lights Fucked on the Hairy Amp Drooling(1994) Loose the Idiot Dogs
0%
All Lights Fucked on the Hairy Amp Drooling(1994) No Job
0%
All Lights Fucked on the Hairy Amp Drooling(1994) Perfumed Pink Corpses from the Lips of Ms. Celine Dion
0%
All Lights Fucked on the Hairy Amp Drooling(1994) Random Luvly Moncton Blue(s)
0%
All Lights Fucked on the Hairy Amp Drooling(1994) Revisionist Alternatif Wounds to the Hairkut Hit Head
0%
All Lights Fucked on the Hairy Amp Drooling(1994) Son of a Diplomat, Daughter of a Politician
0%
All Lights Fucked on the Hairy Amp Drooling(1994) When All the Furnaces Exploded
0%
No matching quizzes found
Score Distribution
Percent of People with Each Score
Percentile by Number Answered
Your Score History
You have not taken this quiz since the last reset